Akademická príručka

Saved in:
Bibliographic Details
Main Authors: Katuščák, Dušan, 1946- (Author), Findra, Ján, 1934-2019 (Author), Meško, Dušan, 1956- (Author, Compiler), Nemcová, Emília, 1953- (Author), Žiaková, Katarína, 1962- (Author), Pullmann, Rudolf, 1937- (Author), Bernadič, Marián, 1952- (Author)
Format: Book
Language:Slovak
Published: Martin Vydavateľstvo Osveta 2005
Edition:2. upr. a dopl. vyd.
Subjects:
Online Access:View in OPAC
Tags: Add Tag
No Tags, Be the first to tag this record!

MARC

LEADER 00000cam a2200000 a 4500
005 20260127133943.0
008 060113s2005 xo g f 000 0 slo
015 |a SNBA2006/05-02975 
020 |a 8080632006 (brož.) 
035 |a vtls008423991 
039 9 |a 202003291610  |b AUTHORITY  |c 202003291610  |d AUTHORITY  |c 202003291557  |d AUTHORITY  |c 202003291557  |d AUTHORITY  |y 200601131247  |z msvkpo04 
040 |a SVKPO  |b slo  |c SVKPO  |d STUSCHK1  |d SNK 
041 0 |a slo 
044 |a xo  |c SK 
072 7 |a 00  |x Veda. Všeobecnosti. Základy vedy a kultúry. Vedecká práca  |2 konspekt 
080 |a 371.279.8  |2 2001 
080 |a 378.2  |2 2001 
080 |a 395  |2 2001 
080 |a 001.811  |2 2001 
080 |a 001.8  |2 2001 
080 |a (035)  |2 2001 
080 |a 81`42`373.46  |2 2001 
100 1 |a Meško, Dušan,  |d 1956-  |4 com  |9 139 
245 1 0 |a Akademická príručka  |c Dušan Meško, Dušan Katuščák a kolektív 
250 |a 2. upr. a dopl. vyd. 
260 |a Martin  |b Vydavateľstvo Osveta  |c 2005 
300 |a 496 s.  |c 20 cm 
504 |a Bibliogr. odkazy 
650 0 7 |a odborné texty  |2 SNKPH 
650 0 7 |a odborné písomné práce  |2 SNKPH 
650 0 7 |a záverečné práce  |2 SNKPH 
650 0 7 |a diplomové práce  |2 SNKPH 
650 0 7 |a etiketa  |2 SNKPH 
650 0 7 |a bibliografické citácie  |2 SNKPH 
650 0 7 |a vedecká metodológia  |2 SNKPH 
655 7 |a príručky  |2 SNKPH 
700 1 |a Katuščák, Dušan,  |d 1946-  |4 aut  |9 12 
700 1 |a Findra, Ján,  |d 1934-2019  |4 aut  |9 60 
700 1 |a Meško, Dušan,  |d 1956-  |4 aut  |9 139 
700 1 |a Nemcová, Emília,  |d 1953-  |4 aut  |9 820 
700 1 |a Žiaková, Katarína,  |d 1962-  |4 aut  |9 74 
700 1 |a Pullmann, Rudolf,  |d 1937-  |4 aut  |9 993 
700 |a Bernadič, Marián,  |d 1952-  |4 aut  |9 1162 
910 |a SCHK95 
910 |a savuk 
910 |a knkjs 
910 |a kuruk 
910 |a aubb 
919 |a 80-8063-200-6 
999 |c 789  |d 789